LEADER 01269nam a2200313 a 4500 001 000000127650 003 CaOOAMICUS 005 20120215135415.0 008 120215s2011 it u000 u ita r 020 $a978-88-17-05256-6 040 $aPUL$bita 041 1 $aita$hger 082 04$a261 100 1 $aKüng, Hans,$d1928-$0(OLS)http://pul/name/4001 240 10$aIst die Kirche noch zu retten?.$lItaliano.$0(OLS)http://pul/title/161325 245 10$aSalviamo la Chiesa /$cHans Küng ; traduzione di Chicca Galli. 260 $aMilano :$bRizzoli ;$aMilano :$bR.C.S. Libri,$c©2011. 300 $a288 p. ;$c23 cm. 650 4$aChiesa e società.$0(OLS)http://pul/subject/2506 700 1 $aGalli, Chicca.$0(OLS)http://pul/name/77189 850 $aPUL 852 $aPUL$W1$xSL Religione 3$y85$m261 KUNHA 1$j147715$qDDC 21$B146320$CPULBib$Z2$F146320 $H118772 $82 941 1 $a9 996 $6020$a978-88-17-05256-6$9(OLS)http://pul/number/148955 996 $6082$a261$9(OLS)http://pul/classification/378 996 $6245$aSalviamo la Chiesa$9(OLS)http://pul/title/161326 996 $6260$aMilano :$bRizzoli$9(OLS)http://pul/publisher/48712 996 $6260$aMilano :$bR.C.S. Libri$9(OLS)http://pul/publisher/74600 LEADER 02968nam a2200553 u 4500 001 000000048088 003 CaOOAMICUS 005 20080703102948.0 008 000328m19831990miu u000 u eng u 020 $a0802823254 (v. 1) 020 $a0802823270 (v. 3) 020 $a0802823289 (v. 4) 020 $a0802823297 (v. 5) 020 $a0802823300 (v. 6) 020 $a0802823386 (set) 035 $a10844566 040 $aPUL$bita 041 1 $aeng$hger 245 00$aTheological dictionary of the Old Testament /$cedited by G. Johannes Botterweck and Helmer Ringgren ; translated by David E. Green. 260 $aGrand Rapids :$bW. B. Eerdmans,$c1983-1990. 300 $a6 v. ;$c25 cm 500 $aTranslated from: Theologisches Wörterbuch zum Alten Testament. 505 0 $a1: abh-badhadh. -- 2: bdl-galah. -- 3: gillulim-haras. -- 4: ze' ebh-hms. -- 5: hmr-YHWH. -- 6: yobel-yatar. 630 04$aBiblia.$pV.T.$xDizionari.$0(OLS)http://pul/subject/9421 700 1 $aGreen, David E.$0(OLS)http://pul/name/25453 700 1 $aRinggren, Helmer,$d1917-$0(OLS)http://pul/name/22554 700 1 $aBotterweck, Johannes.$0(OLS)http://pul/name/22553 850 $aPUL 852 $aPUL$W1$xDP1 Fondo Ciprotti$y59$m1535 G 1-6$j64146$nBK-PRI$b $qFondi$B64146$CPULBib$Z2$F64146 $H $81 852 $aPUL$W1$xDP1 Fondo Ciprotti$y59$m1535 G 1-6$j64146$nBK-PRI$b $qFondi$B64147$CPULBib$Z2$F64147 $H $81 852 $aPUL$W1$xDP1 Fondo Ciprotti$y59$m1535 G 1-6$j64146$nBK-PRI$b $qFondi$B64148$CPULBib$Z2$F64148 $H $81 852 $aPUL$W1$xDP1 Fondo Ciprotti$y59$m1535 G 1-6$j64146$nBK-PRI$b $qFondi$B64149$CPULBib$Z2$F64149 $H $81 852 $aPUL$W1$xDP1 Fondo Ciprotti$y59$m1535 G 1-6$j64146$nBK-PRI$b $qFondi$B64150$CPULBib$Z2$F64150 $H $81 852 $aPUL$W1$xDP1 Fondo Ciprotti$y59$m1535 G 1-6$j64146$nBK-PRI$b $qFondi$B64151$CPULBib$Z2$F64151 $H $81 941 1 $a1 961 $aINV: 81162-67. Fondo Ciprotti 961 $aINV: 81162-67. Fondo Ciprotti 961 $aINV: 81162-67. Fondo Ciprotti 961 $aINV: 81162-67. Fondo Ciprotti 961 $aINV: 81162-67. Fondo Ciprotti 961 $aINV: 81162-67. Fondo Ciprotti 996 $6020$a0802823254 (v. 1)$9(OLS)http://pul/number/60334 996 $6020$a0802823270 (v. 3)$9(OLS)http://pul/number/60335 996 $6020$a0802823289 (v. 4)$9(OLS)http://pul/number/60336 996 $6020$a0802823297 (v. 5)$9(OLS)http://pul/number/60337 996 $6020$a0802823300 (v. 6)$9(OLS)http://pul/number/60338 996 $6020$a0802823386 (set)$9(OLS)http://pul/number/60339 996 $6245$aTheological dictionary of the Old Testament$9(OLS)http://pul/title/64751 996 $6260$aGrand Rapids :$bW. B. Eerdmans$9(OLS)http://pul/publisher/67003